MARC details
| 000 -CABECERA |
| campo de control de longitud fija |
01600cam a2200325 i 4500 |
| 001 - NÚMERO DE CONTROL |
| campo de control |
a42849352 |
| 003 - IDENTIFICADOR DEL NÚMERO DE CONTROL |
| campo de control |
SIRSI |
| 005 - FECHA Y HORA DE LA ÚLTIMA TRANSACCIÓN |
| campo de control |
20250110175910.0 |
| 008 - DATOS DE LONGITUD FIJA--INFORMACIÓN GENERAL |
| campo de control de longitud fija |
230914t20242024enka b 001 0 eng |
| 010 ## - NÚMERO DE CONTROL DE LA BIBLIOTECA DEL CONGRESO |
| Número de control de LC |
2023029893 |
| 020 ## - NÚMERO INTERNACIONAL ESTÁNDAR DEL LIBRO |
| Número Internacional Estándar del Libro |
9781009125024 |
| 035 ## - NÚMERO DE CONTROL DEL SISTEMA |
| Número de control de sistema |
(OCoLC)1391095180 |
| 040 ## - FUENTE DE LA CATALOGACIÓN |
| Centro catalogador/agencia de origen |
DLC |
| Lengua de catalogación |
eng |
| Normas de descripción |
rda |
| Centro/agencia transcriptor |
DLC |
| Centro/agencia modificador |
YDX |
| -- |
OCLCO |
| -- |
OCLCF |
| -- |
YDX |
| -- |
OCLCO |
| -- |
UtOrBLW |
| 041 ## - CÓDIGO DE LENGUA |
| Código de lengua del texto/banda sonora o título independiente |
eng |
| 042 ## - CÃDIGO DE AUTENTICACIÃN |
| Código de autenticación |
pcc |
| 050 00 - SIGNATURA TOPOGRÁFICA DE LA BIBLIOTECA DEL CONGRESO |
| Número de clasificación |
JC328.3 |
| Número de documento/Ítem |
.D36 2024 |
| 100 ## - ENTRADA PRINCIPAL--NOMBRE DE PERSONA |
| Nombre de persona |
Danewid, Ida |
| Fechas asociadas al nombre |
1988- |
| Término indicativo de función/relación |
author |
| 9 (RLIN) |
24521 |
| 245 10 - MENCIÓN DE TÍTULO |
| Título |
Resisting racial capitalism |
| Resto del título |
: an antipolitical theory of refusal |
| Mención de responsabilidad, etc. |
/ Ida Danewid. |
| 260 ## - PUBLICACIÓN, DISTRIBUCIÓN, ETC. |
| Lugar de publicación, distribución, etc. |
Cambridge ; |
| -- |
New York, NY : |
| Nombre del editor, distribuidor, etc. |
Cambridge University Press, |
| Fecha de publicación, distribución, etc. |
2024. |
| 300 ## - DESCRIPCIÓN FÍSICA |
| Extensión |
x, 266 pages : |
| Otras características físicas |
illustrations ; |
| Dimensiones |
24 cm. |
| 504 ## - NOTA DE BIBLIOGRAFÍA, ETC. |
| Nota de bibliografía, etc. |
Includes bibliographical references and index. |
| 505 0# - NOTA DE CONTENIDO CON FORMATO |
| Nota de contenido con formato |
Introduction : antipolitical dreamworlds — A most bourgeois ambition — Ode to utopia — War on dirt — Maps of apartheid — Of plunder and property — It runs in the family — Conclusion : the new society. |
| 520 ## - SUMARIO, ETC. |
| Sumario, etc. |
What does freedom mean without, and despite, the state? Focusing on the relation between state violence and racial capitalism, this book excavates an antipolitical worldmaking project which seeks not just better ways of being governed, but an end to governance in its entirety. |
| 650 #0 - PUNTO DE ACCESO ADICIONAL DE MATERIA--TÉRMINO DE MATERIA |
| Término de materia o nombre geográfico como elemento de entrada |
Government, Resistance to |
| 9 (RLIN) |
24522 |
| 650 #0 - PUNTO DE ACCESO ADICIONAL DE MATERIA--TÉRMINO DE MATERIA |
| Término de materia o nombre geográfico como elemento de entrada |
Capitalism |
| Subdivisión general |
Political aspects |
| 9 (RLIN) |
24523 |
| 650 #0 - PUNTO DE ACCESO ADICIONAL DE MATERIA--TÉRMINO DE MATERIA |
| Término de materia o nombre geográfico como elemento de entrada |
Race discrimination |
| Subdivisión general |
Economic aspects |
| 9 (RLIN) |
24524 |
| 650 #0 - PUNTO DE ACCESO ADICIONAL DE MATERIA--TÉRMINO DE MATERIA |
| Término de materia o nombre geográfico como elemento de entrada |
Political violence |
| Número de control del registro de autoridad o número normalizado |
http://id.loc.gov/authorities/subjects/sh95005727 |
| 9 (RLIN) |
24525 |
| 650 #0 - PUNTO DE ACCESO ADICIONAL DE MATERIA--TÉRMINO DE MATERIA |
| Término de materia o nombre geográfico como elemento de entrada |
Terrorism |
| 9 (RLIN) |
14281 |
| 942 ## - ELEMENTOS DE ENTRADA AGREGADA (KOHA) |
| Fuente del sistema de clasificación o colocación |
Clasificación de Library of Congress |